| 000 | 00754cam a22002654a 4500 | ||
|---|---|---|---|
| 999 |
_c163 _d163 |
||
| 001 | 12980110 | ||
| 003 | OSt | ||
| 005 | 20190918130632.0 | ||
| 008 | 021024s2002 njua 001 0 eng | ||
| 010 | _a 2001132799 | ||
| 020 | _a0914168991 | ||
| 040 |
_aDLC _cDLC _dDLC |
||
| 042 | _apcc | ||
| 050 | 0 | 0 |
_aQM602 _b.C63 2002 |
| 082 | 0 | 0 |
_aQS 604 C641n 2002 _221 |
| 100 | 1 |
_aCochard, Larry R.; Netter, Frank H. _9430 |
|
| 245 | 1 | 0 | _aNetter's Atlas of Human Embryology |
| 250 | _a1st ed. | ||
| 260 |
_aTeterboro, N.J. : _bIcon Learning Systems, _cc2002. |
||
| 300 |
_axx, 267 p. : _bcol. ill. ; _c28 cm. |
||
| 504 | _aInclude index. | ||
| 650 | 0 |
_aHuman embryology atlas _9431 |
|
| 906 |
_a7 _bcbc _corignew _d2 _encip _f20 _gy-gencatlg |
||
| 942 |
_2z _cB_BANK |
||